Nombres de 1 à 200 - Statistiques

Statistiques générales
  • Ce quiz a été pris 132 fois
  • Le résultat moyen est 145 sur 200
Statistiques - réponses
Nombre Réécrire % Correct
1 1
100%
2 2
100%
3 3
99%
4 4
99%
5 5
99%
6 6
99%
10 10
97%
7 7
97%
8 8
97%
9 9
97%
11 11
87%
12 12
87%
13 13
87%
16 16
86%
14 14
85%
15 15
85%
17 17
85%
18 18
85%
19 19
85%
20 20
85%
25 25
85%
26 26
85%
21 21
84%
24 24
84%
27 27
84%
28 28
84%
30 30
84%
31 31
84%
22 22
82%
23 23
82%
29 29
82%
32 32
82%
33 33
81%
34 34
81%
38 38
81%
39 39
81%
40 40
81%
41 41
81%
42 42
81%
43 43
81%
45 45
81%
47 47
81%
50 50
81%
100 100
80%
35 35
80%
36 36
80%
37 37
80%
44 44
80%
46 46
80%
49 49
80%
51 51
80%
54 54
80%
56 56
80%
48 48
78%
52 52
78%
53 53
78%
55 55
78%
57 57
78%
58 58
78%
59 59
78%
60 60
78%
61 61
78%
62 62
78%
64 64
78%
71 71
78%
81 81
78%
101 101
77%
63 63
77%
65 65
77%
67 67
77%
68 68
77%
69 69
77%
70 70
77%
72 72
77%
80 80
77%
82 82
77%
84 84
77%
90 90
77%
91 91
77%
92 92
77%
94 94
77%
102 102
76%
103 103
76%
104 104
76%
66 66
76%
73 73
76%
74 74
76%
75 75
76%
76 76
76%
78 78
76%
79 79
76%
83 83
76%
85 85
76%
86 86
76%
93 93
76%
95 95
76%
96 96
76%
97 97
76%
98 98
76%
99 99
76%
105 105
75%
120 120
75%
77 77
75%
88 88
75%
89 89
75%
112 112
73%
114 114
73%
123 123
73%
87 87
73%
106 106
72%
107 107
72%
108 108
72%
110 110
72%
113 113
72%
115 115
72%
116 116
72%
117 117
72%
118 118
72%
119 119
72%
121 121
72%
124 124
72%
109 109
71%
111 111
71%
122 122
71%
125 125
71%
132 132
71%
126 126
70%
127 127
70%
129 129
70%
130 130
70%
131 131
70%
134 134
70%
135 135
70%
136 136
70%
137 137
70%
128 128
68%
133 133
68%
138 138
68%
139 139
68%
140 140
68%
141 141
68%
142 142
68%
144 144
68%
143 143
67%
145 145
67%
146 146
67%
147 147
66%
148 148
65%
149 149
65%
150 150
65%
155 155
65%
151 151
63%
152 152
62%
154 154
62%
156 156
62%
157 157
62%
158 158
62%
161 161
62%
153 153
61%
159 159
61%
160 160
61%
166 166
61%
162 162
59%
163 163
59%
171 171
59%
170 170
58%
174 174
58%
164 164
57%
165 165
57%
167 167
57%
168 168
57%
169 169
57%
172 172
57%
173 173
57%
176 176
57%
177 177
57%
175 175
56%
178 178
56%
179 179
56%
180 180
56%
181 181
56%
182 182
53%
185 185
53%
183 183
52%
184 184
52%
186 186
52%
187 187
52%
193 193
52%
194 194
52%
195 195
52%
199 199
52%
188 188
51%
192 192
51%
191 191
49%
196 196
49%
197 197
49%
189 189
48%
190 190
48%
198 198
48%
200 200
47%
Aucun quiz correspondant
Distribution des résultats
% des personnes avec chaque résultat
Percentile par nombre de réponses
Votre historique - résultats
Vous n’avez pas pris ce quiz